000
00323nam a2200133Ia 4500
005
20251222155100.0
008
251222s9999||||xx |||||||||||||| ||spa||
082
_a
REL.62
100
_a
JUAN PABLO.
245
0
_a
Documentos Eclesiales Veritatis Splendor 5 Vol
250
_a
1ra. ed.
264
_b
Salesiana
942
_c
LIB
999
_c
37627
_d
37627